000 00335nam a2200133Ia 4500
008 231129s1982||||xx |||||||||||||| ||spa||
040 _bspa
082 _a923.1 A785h
100 _aArtaud Antonin
245 0 _aHeliogabalo o el anarquista coronado
260 _c1982
264 _aBarcelona EspaƱa: Fundamentos
942 _2ddc
_cBKS
999 _c14956
_d14956